Calculus : (Record no. 44)

000 -LEADER
fixed length control field 01065cam a2200277 a 4500
003 - CONTROL NUMBER IDENTIFIER
control field OSt
005 - DATE AND TIME OF LATEST TRANSACTION
control field 20210528105214.0
008 - FIXED-LENGTH DATA ELEMENTS--GENERAL INFORMATION
fixed length control field 000830s2001 at a 001 0 eng
020 ## - INTERNATIONAL STANDARD BOOK NUMBER
International Standard Book Number 0534377181 (alk. paper)
040 ## - CATALOGING SOURCE
Transcribing agency DLC
050 00 - LIBRARY OF CONGRESS CALL NUMBER
Classification number QA303
Item number .S88253 2001
100 1# - MAIN ENTRY--PERSONAL NAME
Personal name Stewart, James,
Dates associated with a name 1941-
245 10 - TITLE STATEMENT
Title Calculus :
Remainder of title concepts and contexts /
Statement of responsibility, etc. James Stewart.
250 ## - EDITION STATEMENT
Edition statement 2nd ed.
260 ## - PUBLICATION, DISTRIBUTION, ETC.
Place of publication, distribution, etc. Australia ;
-- Pacific Grove, CA :
Name of publisher, distributor, etc. Brooks/Cole,
Date of publication, distribution, etc. c2001.
300 ## - PHYSICAL DESCRIPTION
Extent xxiv, 990, 145, 8 p. :
Other physical details ill. (some col.) ;
Dimensions 27 cm. +
Accompanying material 1 computer optical disc (4 3/4 in.)
500 ## - GENERAL NOTE
General note Includes index.
650 #0 - SUBJECT ADDED ENTRY--TOPICAL TERM
Topical term or geographic name entry element Calculus.
906 ## - LOCAL DATA ELEMENT F, LDF (RLIN)
a 7
b cbc
c orignew
d 1
e ocip
f 20
g y-gencatlg
942 ## - ADDED ENTRY ELEMENTS (KOHA)
Source of classification or shelving scheme
Koha item type Book
Suppress in OPAC MW
Holdings
Withdrawn status Lost status Source of classification or shelving scheme Damaged status Not for loan Permanent Location Current Location Shelving location Date acquired Total Checkouts Full call number Barcode Date last seen Date last checked out Copy number Price effective from Koha item type Public note Date due
          AU LIBRARY AU LIBRARY Open Shelf 28.05.2021 7 QA303 .S88253 2001 C1 28002984 20.11.2023 03.11.2023 1 28.05.2021 Book MW  
          AU LIBRARY AU LIBRARY Open Shelf 29.06.2021 2 QA303 .S88253 2001 C2 28000450 20.11.2023 06.11.2023 2 29.06.2021 Book JE  
          AU LIBRARY AU LIBRARY Open Shelf 29.06.2021 5 QA303 .S88253 2001 C3 28002929 06.11.2023 06.11.2023 3 29.06.2021 Book JE 20.11.2023

Powered by Koha